Les enfants exploités sexuellement (Record n. 221420)

Dettagli MARC
000 -LEADER
campo di controllo lung. fissa 00853nas a2200241Ia 4500
001 - Numero di controllo
campo di controllo dg67-36251
003 - Identificatore del numero di controllo
campo di controllo IT-MiCISF
005 - Data e orario dell'ultima transazione
campo di controllo 20250218110930.0
008 - Elementi di lunghezza fissa--Informazione generale
campo di controllo lung. fissa 161014c99999999xx |||||||||||| ||und||
040 ## - Fonte della catalogazione
Agenzia catalografica originale IT-MiCISF
Agenzia che fa la trascrizione IT-MiCISF
041 ## - Codice di lingua
Codice di lingua del testo/traccia sonora o titolo separato fr
100 ## - Accesso principale -- nome di persona
Nome di persona Bambaren Luis (et al.)
9 (RLIN) 61545
245 #0 - Formulazione del titolo
Titolo Les enfants exploités sexuellement
250 ## - Formulazione di edizione
Formulazione di edizione "L'enfance dans le monde", vol. 19, n. 2
260 ## - Pubblicazione, distribuzione, ecc. (stampa)
Data di pubblicazione, distribuzione, ecc. 1992
300 ## - Descrizione fisica
Estensione pp. 42
500 ## - Nota generale
Nota generale abuso-sessuale, infanzia, prostituzione, diritti-bambino
650 ## - Accesso aggiunto di soggetto--termine topico
Termine topico o nome geografico come accesso maltrattamenti-violenza
654 ## - Accesso aggiunto di soggetto--termini topici faccettati
Termine principale rivista
700 ## - Accesso aggiunto--nome di persona
Nome di persona Muntarbhorn V., Bruce F., Kone D., Lefort F., Ochola L., Vasconcelos A.,
-- Crovara C., James S., McGeady M.R., Skrobanek S., Nicaise F., Meert F., O'Grady R.
-- , Senevirative M., Fernard-Laurent S., Toffel P.
9 (RLIN) 61546
942 ## - Dati aggiuntivi (Koha)
Tipo copia default (Koha) RIVISTA
Fonte della classificazione o dello schema di collocazione (segnatura) Dewey Decimal Classification
999 ## - Sys Number locale (Koha)
Koha Dewey Subclass [OBSOLETE] Si
Dati di copia
Ritirato (status) Perso (status) Danneggiato (status) Non per il presito Biblioteca proprietaria Biblioteca in cui si trova Data d'acquisizione Totale prestiti Collocazione Data ultima operazione Prezzo in vigore dal Tipo copia default (Koha) Nota pubblica
    Buone Condizioni Not For Loan CISF - Milano CISF - Milano 14/10/2016   dg67-36251 14/10/2016 14/10/2016 RIVISTA Data import 15.10.2016 / by Epidotti, Vaglietti
CREDITS: SOCIETA' SAN PAOLO Via A.Severo, 58 - ROMA (RM) & PERIODICI SAN PAOLO SRL Via Giotto, 36 MILANO & CISF Via Giotto, 36 MILANO & EDIZIONI SAN PAOLO SRL,  Piazza Soncino, 5 CINISELLO BALSAMO (MI) -- ITALY